| 000 | 00525nam a2200169 i 4500 | ||
|---|---|---|---|
| 001 | bg | ||
| 100 | 1 | _aŁASTOWIECKI, Józef | |
| 245 | 0 |
_aElementy i podzespoły półprzewodnikowych układów napędowych / _cJózef Łastowiecki. |
|
| 260 |
_aWarszawa : _bWydawnictwa Politechniki Warszawskiej, _c1992. |
||
| 300 |
_a218 s. : _brys., wykr. ; _c24 cm. |
||
| 504 | _aBibliogr. s. 218. | ||
| 040 | _cBPK | ||
| 041 | _apol | ||
| 080 | _a621.382:62-83:621.313](075.8) | ||
| 942 | _cKS | ||
| 008 | s pl f |000 0 pol | ||
| 999 |
_c6179 _d6179 |
||
| 856 |
_uhttp://koha.tu.koszalin.pl/cgi-bin/koha/opac-detail.pl?biblionumber=6179 _yKatalog online BPK |
||